FoxBASE+ - User's Guide

Saved in:
Bibliographic Details
Format: Book
Language:English
Published: Perrysburg Fox Software 1988
Edition:1. ed.
Tags: Add Tag
No Tags, Be the first to tag this record!

MARC

LEADER 00000nam a2200000 4500
001 c040217
005 20221219115854.3
041 0 |a eng 
044 |a US 
245 1 0 |a FoxBASE+ - User's Guide 
250 |a 1. ed. 
264 1 |a Perrysburg  |b Fox Software  |c 1988 
300 |a Prer. s.